Všichni muži Kremlu stručná historie současného Ruska

Salvato in:
Dettagli Bibliografici
Autore principale: Zygar, Michail
Natura: Libro
Lingua:ceco
Pubblicazione: Příbram Pistorius & Olšanská 2016
Soggetti:
Tags: Aggiungi Tag
Nessun Tag, puoi essere il primo ad aggiungerne!!

MARC

LEADER 00000nam a2200000 4500
001 0222897
005 20240314103539.7
020 |a 978-80-87855-64-5 
041 0 |a cze 
044 |a CZ 
245 1 0 |a Všichni muži Kremlu  |b stručná historie současného Ruska  |c Michail Zygar 
264 1 |a Příbram  |b Pistorius & Olšanská  |c 2016 
300 |a 413 s. 
610 2 0 |a história 
610 2 0 |a moc štátna 
610 2 0 |a propaganda 
610 2 0 |a nacionalizmus 
610 2 0 |a politika vnútorná 
610 2 0 |a politika zahraničná 
610 2 0 |a Rusko 
100 1 |a Zygar, Michail